قاضی عبد الودود / (Record no. 170610)

MARC details
000 -LEADER
fixed length control field 00554nam a22001937a 4500
005 - DATE AND TIME OF LATEST TRANSACTION
control field 20191218131605.0
010 ## - LCCN (DPL NO)
LC control number A-940955
020 ## - INTERNATIONAL STANDARD BOOK NUMBER
Terms of availability 25.00
International Standard Book Number 8126006692
035 ## - SYSTEM CONTROL NUMBER
System control number A-940955
037 ## - SOURCE OF ACQUISITION
Source of stock number/acquisition BPPD/Pub.
082 ## - DEWEY DECIMAL CLASSIFICATION NUMBER
Classification number 840.92
100 ## - MAIN ENTRY--PERSONAL NAME
Personal name وہاب اشرفی
245 ## - TITLE STATEMENT
Title قاضی عبد الودود /
Statement of responsibility, etc وہاب اسرفی
246 ## - VARYING FORM OF TITLE
Title proper/short title Qazi Abdul Wadood (Urdu) /
Remainder of title by Wahab Ashrafi
260 ## - PUBLICATION, DISTRIBUTION, ETC. (IMPRINT)
Place of publication, distribution, etc New Delhi
Name of publisher, distributor, etc Sahitya Akademi
Date of publication, distribution, etc 1999 ء
270 ## - ADDRESS
Address -
City -
Postal code -
300 ## - PHYSICAL DESCRIPTION
Extent 70p.
Dimensions 22cm(Hb)
942 ## - ADDED ENTRY ELEMENTS (KOHA)
Source of classification or shelving scheme Dewey Decimal Classification
Item type Urdu Bks
Classification part 840.92
Call number suffix ع ب د
Holdings
Withdrawn status Lost status Not for loan Collection code Home library Current library Date acquired Source of acquisition Cost, normal purchase price Full call number Barcode Copy number Cost, replacement price Koha item type
      Non-fiction Central Library Central Library 18/12/2019 BPPD/Ven. 25.00 840.92 ع ب د A-940955 1 25.00 Urdu Bks

© Delhi Public Library
Hit Counter
free hit counter